ბათუმის შოთა რუსთაველის სახელმწიფო უნივერსიტეტის ბიბლიოთეკა

ქართველი მწერლები პოლონეთს (ბიბ.ჩანაწერი № 44254)

000 -LEADER
fixed length control field 00726nam a2200193Ia 4500
001 - CONTROL NUMBER
control field 11012
003 - CONTROL NUMBER IDENTIFIER
control field GE_BSU
008 - FIXED-LENGTH DATA ELEMENTS--GENERAL INFORMATION
fixed length control field 181216s||||||||xx |||||||||||||| ||und||
040 ## - CATALOGING SOURCE
Transcribing agency GE_BSU
245 ## - TITLE STATEMENT
Title ქართველი მწერლები პოლონეთს
245 ## - TITLE STATEMENT
Statement of responsibility, etc. რედ. ე მაღრაძე; მხატვ. ო. ჯიშკარიანი
260 ## - PUBLICATION, DISTRIBUTION, ETC.
Place of publication, distribution, etc. თბილისი
260 ## - PUBLICATION, DISTRIBUTION, ETC.
Name of publisher, distributor, etc. საბჭოთა საქართველო.
260 ## - PUBLICATION, DISTRIBUTION, ETC.
Date of publication, distribution, etc. 1959
300 ## - PHYSICAL DESCRIPTION
Extent 84გვ. 20სმ.
300 ## - PHYSICAL DESCRIPTION
Other physical details თავფურცელი პოლონურ ენაზე
653 ## - INDEX TERM--UNCONTROLLED
Uncontrolled term ქართველი მწერლები პოლონეთს
942 ## - ADDED ENTRY ELEMENTS (KOHA)
Koha item type წიგნი
ეგზემპლარები
Withdrawn status Lost status Damaged status Not for loan Date acquired Barcode Date last seen Price effective from Koha item type
        2018-12-17 35319 2018-12-17 2018-12-17 წიგნი